000 00474nam a22001931a 4500
001 11880
003 OSt
005 20260204212300.0
008 140820s1971||||sp ||||||b||||||||||spa||
082 _a591 S742z
100 _aStorer, Tracy I.
245 _aZoologia general / Tracy I Storer y Rober Usinder
264 _aBarcelona : Omega
300 _a10003 p.
500 _aIncluye Indice
650 _aZOOLOGIA
700 _aI L. Usinger, RobertÌ
942 _2ddc
_cBK
999 _c11880
_d11880